| 000 | 00435nam a2200145Ia 4500 | ||
|---|---|---|---|
| 008 | 230917s9999||||xx |||||||||||||| ||und|| | ||
| 040 |
_e61999 _aMAIN |
||
| 041 | _aEnglish | ||
| 082 | _a362.7 S64C | ||
| 100 | _aSingh, Dolly, ed | ||
| 245 | 0 | _aChild development: issues, policies and programmes, v3- experience and experiments in child development programmes | |
| 260 |
_aNew Delhi _bKanishka _c1995 |
||
| 300 | _a350 p. | ||
| 942 | _cBK | ||
| 999 |
_c95631 _d95631 |
||